Harry Potter and the Prisoner of Azkaban - All Chapters - Statistics

General Stats
  • This quiz has been taken 42 times
  • The average score is 15 of 22
Answer Stats
Hint Answer % Correct
3 The Knight Bus
89%
5 The Dementor
84%
4 The Leaky Cauldron
84%
2 Aunt Marge's Big Mistake
79%
17 Cat, Rat, and Dog
79%
21 Hermione's Secret
79%
18 Moony, Wormtail, Padfoot, and Prongs
79%
10 The Marauder's map
79%
1 Owl Post
74%
22 Owl Post Again
68%
12 The Patronus
68%
9 Grim Defeat
63%
6 Talons and Tea Leaves
63%
7 The Boggart in the Wardrobe
63%
11 The Firebolt
63%
19 The Servant of Lord Voldemort
58%
14 Snape's Grudge
53%
20 The Dementors' Kiss
53%
15 The Quidditch Final
53%
13 Gryffindor versus Ravenclaw
47%
16 Professor Trelawney's Prediction
47%
8 The Flight of the Fat Lady
47%
No matching quizzes found
Score Distribution
Percent of People with Each Score
Percentile by Number Answered
Your Score History
You have not taken this quiz